Úloha veriteľského výboru vkrízovom manažmente podnikov

Gespeichert in:
Bibliographische Detailangaben
1. Verfasser: Lukáč, Jozef, 1991-
Format: Buchkapitel
Sprache:Slowakisch
Schlagworte:
Tags: Tag hinzufügen
Keine Tags, Fügen Sie das erste Tag hinzu!

MARC

LEADER 00000naa$a2200000$$$4500
001 0271723
005 20240502074303.3
041 0 |a slo 
044 |a SK 
245 1 0 |a Úloha veriteľského výboru vkrízovom manažmente podnikov  |c Jozef Lukáč 
500 |a abstrakt 
610 2 0 |a manažment krízový 
610 2 0 |a veritelia 
610 2 0 |a konkurzy 
610 2 0 |a reštrukturalizácia 
100 1 |a Lukáč, Jozef, 1991-